Countries of the Italian Diaspora - Statistics

General Stats
  • This quiz has been taken 25,603 times
    24,725 since last reset
  • The average score is 16 of 20
Answer Stats
People % Country % Correct
18 m 5.1 United States
99%
5.5 m 8.0 France
97%
0.26 m 0.5 Spain
95%
1.5 m 3.8 Canada
94%
1.0 m 1.2 Germany
94%
0.50 m 0.7 United Kingdom
94%
25 m 54.6 Argentina
91%
32 m 15.1 Brazil
91%
0.85 m 0.6 Mexico
89%
0.53 m 5.9 Switzerland
86%
2.0 m 3.8 Colombia
83%
0.66 m 3.3 Chile
82%
1.0 m 3.7 Australia
80%
0.50 m 1.5 Peru
79%
5.0 m 17.6 Venezuela
78%
1.5 m 44.3 Uruguay
76%
2.5 m 35.9 Paraguay
73%
0.45 m 3.8 Belgium
59%
0.38 m 7.4 Costa Rica
40%
0.30 m 2.6 Dominican Republic
35%
No matching quizzes found
Score Distribution
Percent of People with Each Score
Percentile by Number Answered
Your Score History
You have not taken this quiz since the last reset